[Event "AUTO-ELITE-705"]
[Site "http://www.queenalice.com/game.php?id=895942"]
[Date "2011.2.4"]
[Round "1"]
[White "jmgk"]
[Black "nemeth"]
[Result "1-0"]
[WhiteElo "2373"]
[BlackElo "2188"]

1. e4 c5 2. Nc3 e6 3. Nf3 a6 4. d4 cxd4 5. Nxd4 Qc7 6. Bd3 Nf6 7. O-O Nc6 8. Be3
d6 9. Qf3 Ne5 10. Qg3 Ng6 11. f4 e5 12. fxe5 dxe5 13. Rxf6 gxf6 14. Nd5 Qd8 15.
Nb3 Be6 16. Bb6 Qc8 17. Nc7+ Ke7 18. Rd1 Bd7 19. Bc4 1-0

[Event "AUTO-ELITE-705"]
[Site "http://www.queenalice.com/game.php?id=895949"]
[Date "2011.2.4"]
[Round "1"]
[White "jmgk"]
[Black "mad_knight"]
[Result "1-0"]
[WhiteElo "2363"]
[BlackElo "2294"]

1. e4 c5 2. Nf3 e6 3. d4 cxd4 4. Nxd4 Nf6 5. Nc3 Bb4 6. e5 Nd5 7. Bd2 Bxc3 8.
bxc3 O-O 9. Bd3 d6 10. Qe2 dxe5 11. Qxe5 Qf6 12. Qg3 e5 13. Bg5 Qd6 14. Nb5 Qc6
15. O-O a6 16. c4 Nf4 17. Bxf4 exf4 18. Qh4 1-0

[Event "AUTO-ELITE-705"]
[Site "http://www.queenalice.com/game.php?id=895950"]
[Date "2011.2.4"]
[Round "1"]
[White "mad_knight"]
[Black "jmgk"]
[Result "1-0"]
[WhiteElo "2263"]
[BlackElo "2379"]

1. e4 e5 2. Nf3 f5 3. Nxe5 Qf6 4. d4 d6 5. Nc4 fxe4 6. Ne3 Nc6 7. d5 Nd4 8. Nc3
Bd7 9. Nxe4 Qe5 10. Bd3 Nf6 11. Nxf6+ Qxf6 12. c3 Nf5 13. Nxf5 Bxf5 14. O-O Be7
15. Qa4+ Bd7 16. Qb3 O-O-O 17. Re1 Rde8 18. Be3 a6 19. Ba7 Bf5 20. Re6 Bxe6 21.
dxe6 Bd8 22. Bxa6 1-0

[Event "AUTO-ELITE-705"]
[Site "http://www.queenalice.com/game.php?id=904050"]
[Date "2011.2.22"]
[Round "2"]
[White "mad_knight"]
[Black "jmgk"]
[Result "0-1"]
[WhiteElo "2256"]
[BlackElo "2383"]

1. e4 e5 2. Nf3 Nf6 3. Nxe5 Nxe4 4. Qe2 Qe7 5. Qxe4 d6 6. d4 dxe5 7. dxe5 Nc6 8.
Bb5 Bd7 9. Nc3 Qb4 10. Qf4 O-O-O 11. O-O Qxf4 12. Bxf4 Bc5 13. Bc4 Bd4 14. Rfe1
Be6 15. Bd3 h6 16. h3 Rhe8 17. Rad1 Nb4 18. h4 Bg4 19. Rd2 Bxc3 20. bxc3 Nd5 21.
Bh2 Nxc3 22. a3 g5 23. hxg5 hxg5 24. f4 gxf4 25. Bxf4 Be6 26. Bh7 c5 27. Rd3
Rxd3 28. Bxd3 c4 29. Be2 Nxe2+ 30. Rxe2 b6 31. Rd2 Kb7 32. Rd1 Kc6 33. c3 Kb5
34. Be3 Ka4 35. Bd4 Re7 36. Ra1 Kb3 37. Kf2 Kb2 38. Rf1 Kxa3 0-1

[Event "AUTO-ELITE-705"]
[Site "http://www.queenalice.com/game.php?id=904051"]
[Date "2011.2.22"]
[Round "2"]
[White "jmgk"]
[Black "mad_knight"]
[Result "1-0"]
[WhiteElo "2373"]
[BlackElo "2305"]

1. e4 e5 2. Nf3 Nc6 3. Bc4 Bc5 4. c3 Nf6 5. d4 exd4 6. cxd4 Bb4+ 7. Nc3 Nxe4 8.
O-O Bxc3 9. d5 Ne5 10. Qe2 Nxf3+ 11. Qxf3 O-O 12. bxc3 Re8 13. Bf4 d6 14. Rae1
f5 15. Bd3 Qe7 16. Qe3 Qf7 17. f3 g5 18. Bxg5 Nf6 19. Qd4 Nd7 20. Rxe8+ Qxe8 21.
Bxf5 1-0

[Event "AUTO-ELITE-705"]
[Site "http://www.queenalice.com/game.php?id=904054"]
[Date "2011.2.22"]
[Round "2"]
[White "jmgk"]
[Black "Donidon"]
[Result "1-0"]
[WhiteElo "2391"]
[BlackElo "2327"]

1. e4 c5 2. Nc3 d6 3. Nge2 Nf6 4. d4 cxd4 5. Nxd4 a6 6. Bg5 e6 7. f4 Be7 8. Qf3
Qc7 9. O-O-O b5 10. e5 Bb7 11. Qg3 dxe5 12. fxe5 Nd5 13. Bxe7 Nxe7 14. Qxg7 Rg8
15. Bxb5+ Nbc6 16. Qxh7 O-O-O 17. Bxc6 Nxc6 18. Nxc6 Bxc6 19. Rxd8+ Rxd8 20. Qg7
a5 21. h4 a4 22. a3 Rd4 23. h5 Be4 24. Nxe4 Rxe4 25. h6 Kb7 26. Qg3 Rxe5 27. h7
1-0

[Event "AUTO-ELITE-705"]
[Site "http://www.queenalice.com/game.php?id=904055"]
[Date "2011.2.22"]
[Round "2"]
[White "Donidon"]
[Black "jmgk"]
[Result "1/2-1/2"]
[WhiteElo "2318"]
[BlackElo "2401"]

1. e4 e5 2. f4 d5 3. exd5 e4 4. d3 Nf6 5. dxe4 Nxe4 6. Nf3 Bc5 7. Qe2 Bf5 8. Nc3
Qe7 9. Be3 Nd7 10. Bxc5 Ndxc5 11. Nxe4 Bxe4 12. O-O-O O-O-O 13. Ng5 Rhe8 14.
Nxe4 Nxe4 15. Qe3 Kb8 16. Bb5 Nf6 17. Qg3 Qe3+ 18. Qxe3 Rxe3 19. Bd3 h6 20. g3
Nxd5 21. Bc4 c6 22. Bxd5 cxd5 23. Rhe1 Re6 24. f5 Rxe1 25. Rxe1 Kc7 26. f6 gxf6
27. Rf1 Rd6 28. Rf5 Re6 29. Rh5 Re1+ 30. Kd2 Rh1 31. Rxh6 Kd7 32. Rh8 Kd6 33. a4
b6 34. Kc3 f5 35. Kd3 Rd1+ 1/2-1/2

[Event "AUTO-OPEN-2166"]
[Site "http://www.queenalice.com/game.php?id=908850"]
[Date "2011.3.5"]
[Round "2"]
[White "jmgk"]
[Black "boparame"]
[Result "1/2-1/2"]
[WhiteElo "2403"]
[BlackElo "2324"]

1. e4 c6 2. d4 d5 3. f3 e5 4. dxe5 Bc5 5. exd5 Qb6 6. Nh3 Bxh3 7. gxh3 Bf2+ 8.
Ke2 Ne7 9. d6 Nf5 10. Qd3 g6 11. Na3 Bg1 12. Kd1 Nd7 13. Nc4 Qf2 14. Qe2 b5 15.
Na5 Qd4+ 16. Bd2 Be3 17. Nxc6 Qxb2 18. Rc1 Bxd2 19. Kxd2 Qa3 20. Rb1 Rc8 21. Rb3
Qa6 22. Nb4 Qb6 23. Qxb5 Qf2+ 24. Qe2 Qc5 25. Kc1 Nd4 26. Qe4 O-O 27. f4 Nxb3+
28. axb3 Nf6 29. exf6 Rfe8 30. Qd3 Re1+ 31. Kb2 Qxb4 32. d7 Rd8 33. Bg2 Rxh1 34.
Bxh1 Qb6 35. f5 Qxf6+ 36. c3 Qb6 37. b4 Qc7 38. Bd5 Qxd7 39. c4 Qd6 40. Kb3 a5
41. b5 a4+ 42. Ka2 Qxh2+ 43. Ka3 Qd6+ 44. Ka2 Rd7 45. h4 Qf6 46. Qb1 a3 47. fxg6
hxg6 48. h5 gxh5 49. Qg1+ Kh7 50. Qb1+ Kh8 51. Qc1 h4 52. Kxa3 h3 53. Qe3 Qd6+
54. Ka4 h2 55. b6 Kg7 56. Qf3 Kf8 1/2-1/2

[Event "AUTO-OPEN-2166"]
[Site "http://www.queenalice.com/game.php?id=908851"]
[Date "2011.3.5"]
[Round "2"]
[White "boparame"]
[Black "jmgk"]
[Result "1/2-1/2"]
[WhiteElo "2417"]
[BlackElo "2401"]

1. e4 e5 2. Nf3 Nf6 3. d3 Nc6 4. Be2 d5 5. Nbd2 Be7 6. O-O O-O 7. c3 Re8 8. Re1
a6 9. Qc2 h6 10. Nf1 Be6 11. Ne3 a5 12. exd5 Nxd5 13. Nc4 f6 14. d4 exd4 15.
Bxh6 Bf7 16. Bc1 Bc5 17. cxd4 Nxd4 18. Nxd4 Bxd4 19. Bd2 c6 20. Bf1 Rxe1 21.
Rxe1 b5 22. Ne3 Qb6 23. a3 a4 24. Bd3 Nxe3 25. Bxe3 Re8 26. Qd2 Bxe3 27. Rxe3
Rxe3 28. Qxe3 Qxe3 29. fxe3 Bb3 30. Kf2 Kf7 31. Ke1 Bd5 32. g3 Ke6 33. Kd2 Ke5
34. Kc3 Be4 35. Be2 Bd5 36. Bd3 Be4 1/2-1/2

[Event "AUTO-OPEN-2166"]
[Site "http://www.queenalice.com/game.php?id=908852"]
[Date "2011.3.5"]
[Round "2"]
[White "jmgk"]
[Black "muppyman"]
[Result "1/2-1/2"]
[WhiteElo "2408"]
[BlackElo "2361"]

1. e4 e6 2. d4 d5 3. Nd2 c5 4. exd5 exd5 5. Ngf3 Nf6 6. Bb5+ Bd7 7. Bxd7+ Nbxd7
8. O-O Be7 9. dxc5 Nxc5 10. Re1 O-O 11. Nb3 Nce4 12. Nfd4 Re8 13. Re2 a5 14. a4
Bd6 15. f3 Qc7 16. g3 Nc5 17. Nb5 Qb6 18. N3d4 Rxe2 19. Qxe2 Re8 20. Qf2 Ncd7
21. Nxd6 Qxd6 22. Bd2 Qc7 23. Re1 Rxe1+ 24. Bxe1 Nc5 25. b3 b6 26. Qe3 Qc8 27.
Qe5 h6 28. Nf5 Kh7 29. Ne7 Qd7 30. Bc3 d4 31. Bxd4 1/2-1/2

[Event "AUTO-OPEN-2166"]
[Site "http://www.queenalice.com/game.php?id=908853"]
[Date "2011.3.5"]
[Round "2"]
[White "muppyman"]
[Black "jmgk"]
[Result "1/2-1/2"]
[WhiteElo "2359"]
[BlackElo "2409"]

1. e4 e5 2. Nf3 Nf6 3. Nxe5 d6 4. Nf3 Nxe4 5. Nc3 Nxc3 6. dxc3 Nc6 7. Bd3 Be7 8.
O-O O-O 9. Be4 Be6 10. Qd3 g6 11. Rd1 Re8 12. Bh6 Bf6 13. Qd2 Qe7 14. Re1 Ne5
15. Nxe5 dxe5 16. Bxb7 Rab8 17. Bc6 Red8 18. Qc1 Bf5 19. Be4 Qe6 20. b3 Rd6 21.
Qe3 Rbd8 22. a4 Bxe4 23. Qxe4 g5 24. a5 a6 25. h4 gxh4 26. Ra4 Kh8 27. Qg4 Rg8
28. Qxe6 Rxe6 29. Kf1 Bd8 30. Bc1 c6 31. Rc4 Bxa5 32. Rxh4 Bxc3 33. Re3 Bd4 34.
Reh3 Rg7 35. Bh6 Rgg6 36. Bc1 Rg7 37. c3 Bb6 1/2-1/2

[Event "AUTO-MASTER-1286"]
[Site "http://www.queenalice.com/game.php?id=918378"]
[Date "2011.3.28"]
[Round "2"]
[White "pista2010"]
[Black "jmgk"]
[Result "0-1"]
[WhiteElo "2174"]
[BlackElo "2402"]

1. d4 Nf6 2. c4 c5 3. d5 e6 4. Nc3 exd5 5. cxd5 d6 6. e4 g6 7. Nf3 Bg7 8. Be2
O-O 9. O-O Re8 10. Bg5 h6 11. Bxf6 Qxf6 12. Nd2 Nd7 13. Kh1 Qe7 14. f4 Rb8 15.
Bd3 a6 16. Qf3 b5 17. Rae1 c4 18. Bc2 Bb7 19. a3 Qh4 20. Qg3 Qxg3 21. hxg3 Nc5
22. Nf3 Ba8 23. e5 Rbd8 24. exd6 Rxe1 25. Rxe1 Bxc3 26. bxc3 Bxd5 27. Re7 Bxf3
28. gxf3 Rxd6 29. Re2 Nd7 30. a4 Nb6 31. axb5 axb5 32. f5 gxf5 33. Bxf5 Rd1+ 34.
Kg2 Nd5 35. Bg4 Nxc3 36. Re7 Nd5 37. Rb7 c3 0-1

[Event "AUTO-MASTER-1286"]
[Site "http://www.queenalice.com/game.php?id=918379"]
[Date "2011.3.28"]
[Round "2"]
[White "jmgk"]
[Black "pista2010"]
[Result "1-0"]
[WhiteElo "2405"]
[BlackElo "2179"]

1. e4 d6 2. d4 Nf6 3. Nc3 g6 4. f4 Bg7 5. Nf3 c6 6. Be2 O-O 7. O-O Bg4 8. h3
Bxf3 9. Bxf3 Nbd7 10. e5 dxe5 11. dxe5 Ne8 12. Be3 Nc7 13. Qe2 e6 14. Rad1 Nd5
15. Nxd5 exd5 16. c4 Nb6 17. cxd5 Nxd5 18. Bxd5 cxd5 19. Qb5 b6 20. Rxd5 Qe8 21.
Rd7 Qe6 22. b3 Rac8 23. Rxa7 Ra8 24. Rxa8 Rxa8 25. a4 Bf8 26. Qxb6 Qf5 27. Qb7
Rd8 28. a5 Qd3 29. Rf3 Qd1+ 30. Kh2 Rd3 31. a6 Rxb3 32. Qc8 Rb1 33. Bc5 Qh1+ 34.
Kg3 Qe1+ 35. Kg4 f5+ 36. Kg5 1-0

[Event "AUTO-MASTER-1286"]
[Site "http://www.queenalice.com/game.php?id=918382"]
[Date "2011.3.28"]
[Round "2"]
[White "jmgk"]
[Black "milo_krokodil4e"]
[Result "1-0"]
[WhiteElo "2398"]
[BlackElo "1997"]

1. e4 e5 2. f4 exf4 3. Nf3 g5 4. Bc4 Bg7 5. h4 h6 6. d4 d6 7. Qd3 Be6 8. Bxe6
fxe6 9. hxg5 hxg5 10. Rxh8 Bxh8 11. e5 1-0

[Event "AUTO-MASTER-1286"]
[Site "http://www.queenalice.com/game.php?id=918383"]
[Date "2011.3.28"]
[Round "2"]
[White "milo_krokodil4e"]
[Black "jmgk"]
[Result "0-1"]
[WhiteElo "1989"]
[BlackElo "2401"]

1. b3 e5 2. Bb2 Nc6 3. e3 d5 4. Bb5 Bd6 5. f4 f6 6. fxe5 fxe5 7. Nf3 Bg4 8. h3
Bxf3 9. Qxf3 Nf6 10. d3 O-O 11. O-O Ne7 12. d4 e4 13. Qd1 c6 14. Be2 Qc7 15. Nc3
g6 16. Bg4 Nxg4 17. Qxg4 Nf5 18. Nd1 Bh2+ 0-1

[Event "II Lightning"]
[Site "http://www.queenalice.com/game.php?id=951688"]
[Date "2011.6.19"]
[Round "1"]
[White "marcosnatal"]
[Black "jmgk"]
[Result "1/2-1/2"]
[WhiteElo "2304"]
[BlackElo "2411"]

1. d4 Nf6 2. Nc3 d5 3. Bf4 Nc6 4. Nb5 e5 5. dxe5 a6 6. Nc3 Nh5 7. Nxd5 Nxf4 8.
Nxf4 Bf5 9. Qxd8+ Rxd8 10. Nd3 Bxd3 11. exd3 Nxe5 12. Be2 Bc5 13. Nf3 Nxf3+ 14.
Bxf3 c6 15. O-O O-O 16. Rad1 g6 17. c3 Rfe8 18. d4 Bf8 19. g3 Kg7 20. Kg2 f5
1/2-1/2

[Event "II Lightning"]
[Site "http://www.queenalice.com/game.php?id=970958"]
[Date "2011.8.10"]
[Round "2"]
[White "jmgk"]
[Black "szachista92"]
[Result "1-0"]
[WhiteElo "2407"]
[BlackElo "2116"]

1. e4 e5 2. d4 exd4 3. c3 dxc3 4. Bc4 c2 5. Qxc2 Bb4+ 6. Nc3 Nc6 7. Nf3 Nge7 8.
a3 Ba5 9. O-O O-O 10. b4 Bb6 11. Bb2 d6 12. Nd5 Ng6 13. Qc3 Nce5 14. Nxe5 dxe5
15. Nxb6 cxb6 16. Rac1 Be6 17. Bxe6 fxe6 18. g3 Qe7 19. h4 Rac8 20. Qxc8 1-0

[Event "AUTO-OPEN-2252"]
[Site "http://www.queenalice.com/game.php?id=984771"]
[Date "2011.9.13"]
[Round "2"]
[White "jmgk"]
[Black "raven225"]
[Result "1-0"]
[WhiteElo "2411"]
[BlackElo "1728"]

1. e4 c5 2. b4 cxb4 3. a3 bxa3 4. Nxa3 e5 5. Nf3 Nc6 6. Be2 d6 7. d4 exd4 8.
Nxd4 g6 9. Nab5 Bg7 10. Nxc6 bxc6 11. Nxd6+ Ke7 12. Ba3 Ke6 13. Bc4+ Ke5 14.
Bb2+ Kf4 15. Qf3+ Kg5 16. h4+ Kh6 17. Nxf7# 1-0

[Event "AUTO-OPEN-2252"]
[Site "http://www.queenalice.com/game.php?id=984772"]
[Date "2011.9.13"]
[Round "2"]
[White "raven225"]
[Black "jmgk"]
[Result "0-1"]
[WhiteElo "1745"]
[BlackElo "2412"]

1. e4 e5 2. Nf3 Nc6 3. Nc3 Nf6 4. Bb5 Bb4 5. d3 Nd4 6. Ba4 c6 7. O-O O-O 8. Nxd4
exd4 9. Ne2 Bc5 10. Bg5 h6 11. Bh4 d5 12. e5 g5 13. exf6 gxh4 14. Nf4 Qxf6 15.
Nh5 Qg5 16. f4 Qg6 17. Qf3 Bf5 18. Rad1 Kh8 19. Kh1 Bg4 20. Qxg4 Qxg4 21. Nf6
Qf5 22. Nxd5 Qxd5 23. Bb3 Qf5 24. Rde1 Rae8 25. Rd1 Re2 26. Rf3 Rg8 27. Rdf1
Rgxg2 0-1

[Event "II Lightning"]
[Site "http://www.queenalice.com/game.php?id=1003034"]
[Date "2011.10.30"]
[Round "3"]
[White "jmgk"]
[Black "MSouza"]
[Result "1/2-1/2"]
[WhiteElo "2413"]
[BlackElo "2387"]

1. e4 c6 2. d4 d5 3. exd5 cxd5 4. c4 e6 5. Nf3 Nf6 6. Nc3 Bb4 7. cxd5 Nxd5 8.
Bd2 Nc6 9. Bd3 O-O 10. O-O Be7 11. a3 Bf6 12. Be3 Nce7 13. Ne5 Bxe5 14. dxe5
Nxe3 15. fxe3 Qb6 16. Qe2 Qc5 17. Bb5 Qxe5 18. Rad1 Nd5 19. Nxd5 exd5 20. Qd2 d4
21. Bc4 dxe3 22. Bxf7+ Kh8 23. Qd4 Qxd4 24. Rxd4 g6 25. Bb3 Rxf1+ 26. Kxf1 Bf5
27. Ke2 Re8 28. g4 Bb1 29. Bc4 g5 30. Rd7 Be4 31. Rc7 Bc6 32. Bd3 Kg8 33. Bxh7+
Kf8 34. Bd3 Re5 35. a4 a5 36. b3 1/2-1/2